Gay spirit : a guide to becoming a sensuous homosexual /

Spremljeno u:
Bibliografski detalji
Glavni autor: Loovis, David
Format: Knjiga
Oznake: Dodaj oznaku
Bez oznaka, Budi prvi tko označuje ovaj zapis!

MARC

LEADER 00000nam a22000007i 4500
001 CDOM0000002673
003 mi
005 20251016122037.0
008 210806s1974 xxu|||||| ||||| |||||c
040 |c mi 
100 |a Loovis, David 
245 1 |a Gay spirit :  |b a guide to becoming a sensuous homosexual /  |c by David Loovis. 
942 |2 ddc  |c BK 
952 |0 0  |1 0  |2 ddc  |4 0  |7 0  |9 6132  |a MI  |b MI  |d 1988-02-18  |i 822  |l 0  |p CDOM822  |r 2025-07-13 16:28:00  |w 2025-07-13  |x ACQUISTO  |y BK 
999 |c 4904  |d 4904